[Event "46th Greek Team Championship"]
[Site "chess24.com"]
[Date "2018.07.14"]
[Round "6"]
[White "Chatzigavriil, Georgios"]
[Black "Kazakos, Nikolaos"]
[Result "0-1"]
[Board "10"]
[WhiteElo "1318"]
[WhiteCountry "GRE"]
[WhiteFideId "25832735"]
[WhiteEloChange "-8"]
[BlackElo "1375"]
[BlackCountry "GRE"]
[BlackFideId "25833146"]
[BlackEloChange "8"]

1. c4 {[%clk 1:30:26]} e6 {[%clk 1:30:57]} 2. Nc3 {[%clk 1:30:26]} d5 {[%clk
1:30:57]} 3. d4 {[%clk 1:28:32]} Nf6 {[%clk 1:31:00]} 4. Bg5 {[%clk 1:28:53]}
Nbd7 {[%clk 1:30:53]} 5. e3 {[%clk 1:29:14]} Be7 {[%clk 1:30:47]} 6. Nf3 {[%clk
1:29:04]} h6 {[%clk 1:29:41]} 7. Bxf6 {[%clk 1:20:15]} Nxf6 {[%clk 1:29:33]} 8.
Bd3 {[%clk 1:16:29]} dxc4 {[%clk 1:27:24]} 9. Bxc4 {[%clk 1:16:44]} O-O {[%clk
1:24:13]} 10. O-O {[%clk 1:15:33]} b6 {[%clk 1:23:45]} 11. Ne5 {[%clk 1:12:50]}
Bd6 {[%clk 1:21:25]} 12. Qf3 {[%clk 1:09:37]} Bd7 {[%clk 1:21:04]} 13. Nxd7
{[%clk 1:08:54]} Nxd7 {[%clk 1:18:52]} 14. Nb5 {[%clk 1:05:25]} Qe7 {[%clk
1:11:17]} 15. Nxd6 {[%clk 1:00:57]} cxd6 {[%clk 1:11:05]} 16. Rac1 {[%clk
0:56:08]} d5 {[%clk 1:09:36]} 17. Ba6 {[%clk 0:54:30]} Nb8 {[%clk 1:09:30]} 18.
Bb5 {[%clk 0:53:53]} a6 {[%clk 1:07:07]} 19. Bd3 {[%clk 0:52:24]} Qb7 {[%clk
1:06:44]} 20. Qf4 {[%clk 0:50:11]} Nc6 {[%clk 1:05:31]} 21. e4 {[%clk 0:42:56]}
Nb4 {[%clk 1:04:24]} 22. Bb1 {[%clk 0:42:21]} dxe4 {[%clk 1:01:02]} 23. Bxe4
{[%clk 0:39:05]} Nd5 {[%clk 1:01:15]} 24. Qg3 {[%clk 0:35:41]} Rac8 {[%clk
1:00:26]} 25. Bxd5 {[%clk 0:30:40]} Qxd5 {[%clk 1:00:15]} 26. Qe5 {[%clk
0:30:03]} Qxa2 {[%clk 0:58:38]} 27. Qe2 {[%clk 0:25:50]} Rxc1 {[%clk 0:57:07]}
28. Rxc1 {[%clk 0:26:11]} Rd8 {[%clk 0:57:07]} 29. h3 {[%clk 0:22:00]} Rxd4
{[%clk 0:52:52]} 30. Rc8+ {[%clk 0:18:26]} Kh7 {[%clk 0:53:16]} 31. Qc2+ {[%clk
0:18:16]} f5 {[%clk 0:50:44]} 32. Qc3 {[%clk 0:17:27]} Qb1+ {[%clk 0:50:23]} 33.
Kh2 {[%clk 0:17:37]} Qe4 {[%clk 0:50:31]} 34. Qg3 {[%clk 0:14:33]} Qf4 {[%clk
0:50:12]} 35. Rc6 {[%clk 0:14:45]} Qxg3+ {[%clk 0:50:12]} 36. Kxg3 {[%clk
0:14:57]} Rb4 {[%clk 0:50:35]} 37. Rxe6 {[%clk 0:14:57]} Rxb2 {[%clk 0:50:59]}
38. Re5 {[%clk 0:14:27]} f4+ {[%clk 0:50:30]} 39. Kf3 {[%clk 0:14:37]} g5 {[%clk
0:50:51]} 40. h4 {[%clk 0:44:55]} Kg6 {[%clk 1:20:44]} 41. hxg5 {[%clk 0:44:43]}
hxg5 {[%clk 1:21:08]} 42. g3 {[%clk 0:44:28]} Rb3+ {[%clk 1:21:24]} 43. Kg2
{[%clk 0:44:32]} Kf6 {[%clk 1:20:58]} 44. gxf4 {[%clk 0:44:30]} gxf4 {[%clk
1:21:17]} 45. Re4 {[%clk 0:44:42]} Kf5 {[%clk 1:21:24]} 46. Rd4 {[%clk 0:44:25]}
b5 {[%clk 1:21:04]} 47. f3 {[%clk 0:44:25]} Rb2+ {[%clk 1:20:42]} 48. Kf1 {[%clk
0:44:37]} a5 {[%clk 1:20:27]} 49. Ke1 {[%clk 0:44:44]} a4 {[%clk 1:20:39]} 50.
Kd1 {[%clk 0:44:07]} a3 {[%clk 1:20:55]} 51. Kc1 {[%clk 0:44:34]} b4 {[%clk
1:21:18]} 52. Rc4 {[%clk 0:44:13]} b3 {[%clk 1:20:53]} 53. Rb4 {[%clk 0:44:10]}
Rc2+ {[%clk 1:21:01]} 54. Kd1 {[%clk 0:43:30]} a2 {[%clk 1:21:18]} 55. Rxb3
{[%clk 0:43:01]} a1Q+ {[%clk 1:21:35]} 56. Kxc2 {[%clk 0:43:25]} Qa2+ {[%clk
1:21:51]} 57. Rb2 {[%clk 0:43:44]} Qc4+ {[%clk 1:21:55]} 58. Kd2 {[%clk 0:40:48]}
Qd4+ {[%clk 1:22:16]} 59. Kc2 {[%clk 0:41:13]} Qf2+ {[%clk 1:22:37]} 60. Kc1
{[%clk 0:41:35]} Qxf3 {[%clk 1:22:53]} 61. Rd2 {[%clk 0:41:18]} Kg4 {[%clk
1:23:07]} 62. Kc2 {[%clk 0:40:41]} Kg3 {[%clk 1:23:28]} 63. Kc1 {[%clk 0:40:14]}
Qf1+ {[%clk 1:23:48]} 64. Kc2 {[%clk 0:40:21]} Qf2 {[%clk 1:24:03]} 0-1

[Event "46th Greek Team Championship"]
[Site "chess24.com"]
[Date "2018.07.14"]
[Round "6"]
[White "Fragkos, Vasileios"]
[Black "Violakis, Anastasios"]
[Result "1-0"]
[Board "10"]
[WhiteElo "1774"]
[WhiteCountry "GRE"]
[WhiteFideId "25832646"]
[WhiteEloChange "2"]
[BlackElo "1255"]
[BlackCountry "GRE"]
[BlackFideId "25840070"]
[BlackEloChange "-2"]

1. e4 {[%clk 1:30:59]} c5 {[%clk 1:30:40]} 2. Nf3 {[%clk 1:31:25]} Nc6 {[%clk
1:31:04]} 3. d4 {[%clk 1:31:51]} cxd4 {[%clk 1:31:31]} 4. Nxd4 {[%clk 1:32:16]}
e5 {[%clk 1:31:58]} 5. Nb5 {[%clk 1:32:37]} d6 {[%clk 1:32:23]} 6. c4 {[%clk
1:32:52]} Be7 {[%clk 1:32:46]} 7. N1c3 {[%clk 1:33:16]} a6 {[%clk 1:33:07]} 8.
Na3 {[%clk 1:33:41]} f5 {[%clk 1:33:25]} 9. exf5 {[%clk 1:34:00]} Bxf5 {[%clk
1:33:50]} 10. Nc2 {[%clk 1:32:47]} Nf6 {[%clk 1:32:34]} 11. Ne3 {[%clk 1:31:31]}
Be6 {[%clk 1:32:54]} 12. Bd3 {[%clk 1:31:00]} O-O {[%clk 1:33:04]} 13. O-O {[%clk
1:30:57]} Rb8 {[%clk 1:30:48]} 14. a3 {[%clk 1:28:48]} Qd7 {[%clk 1:29:43]} 15.
b3 {[%clk 1:22:00]} Nd4 {[%clk 1:22:05]} 16. Ne4 {[%clk 1:16:31]} b5 {[%clk
1:17:03]} 17. Ng5 {[%clk 1:16:53]} bxc4 {[%clk 1:09:43]} 18. Nxe6 {[%clk
1:16:02]} Qxe6 {[%clk 1:09:23]} 19. bxc4 {[%clk 1:16:14]} Kh8 {[%clk 1:00:32]}
20. Bd2 {[%clk 1:08:25]} Nb3 {[%clk 0:47:05]} 21. Rb1 {[%clk 1:07:35]} Nxd2
{[%clk 0:46:27]} 22. Qxd2 {[%clk 1:08:01]} e4 {[%clk 0:45:46]} 23. Be2 {[%clk
1:05:47]} Rfd8 {[%clk 0:32:40]} 24. Qa5 {[%clk 1:00:12]} h6 {[%clk 0:19:15]} 25.
Rb4 {[%clk 0:50:56]} Rxb4 {[%clk 0:17:37]} 26. axb4 {[%clk 0:46:22]} d5 {[%clk
0:16:54]} 27. cxd5 {[%clk 0:46:41]} Nxd5 {[%clk 0:17:18]} 28. Rd1 {[%clk
0:44:51]} Nb6 {[%clk 0:14:27]} 29. Rxd8+ {[%clk 0:44:38]} Bxd8 {[%clk 0:14:51]}
30. Qxa6 {[%clk 0:45:01]} Qb3 {[%clk 0:14:09]} 31. Qb5 {[%clk 0:44:57]} Qf7
{[%clk 0:13:06]} 32. Bc4 {[%clk 0:36:52]} Nxc4 {[%clk 0:13:18]} 33. Qxc4 {[%clk
0:37:01]} Qd7 {[%clk 0:12:09]} 34. Qxe4 {[%clk 0:36:43]} Bb6 {[%clk 0:08:18]} 35.
g3 {[%clk 0:34:51]} Ba7 {[%clk 0:03:11]} 36. Kg2 {[%clk 0:31:06]} Kg8 {[%clk
0:02:39]} 37. Qd5+ {[%clk 0:27:42]} Qxd5+ {[%clk 0:02:46]} 38. Nxd5 {[%clk
0:28:07]} Kf7 {[%clk 0:03:13]} 39. b5 {[%clk 0:27:28]} Ke6 {[%clk 0:03:15]} 40.
b6 {[%clk 0:57:17]} Bb8 {[%clk 0:33:41]} 41. Nb4 {[%clk 0:56:36]} Kd7 {[%clk
0:24:26]} 42. Na6 {[%clk 0:55:31]} Kc8 {[%clk 0:24:45]} 43. Nxb8 {[%clk 0:55:44]}
Kxb8 {[%clk 0:24:50]} 44. Kf3 {[%clk 0:56:13]} Kb7 {[%clk 0:22:23]} 45. Kf4
{[%clk 0:56:32]} Kxb6 {[%clk 0:22:45]} 46. Kf5 {[%clk 0:56:59]} Kc5 {[%clk
0:23:09]} 47. Kg6 {[%clk 0:57:26]} Kd5 {[%clk 0:23:08]} 48. Kxg7 {[%clk 0:57:32]}
h5 {[%clk 0:23:15]} 49. f4 {[%clk 0:58:01]} Ke4 {[%clk 0:23:34]} 50. Kg6 {[%clk
0:57:50]} h4 {[%clk 0:23:20]} 51. gxh4 {[%clk 0:58:13]} Kxf4 {[%clk 0:23:46]} 52.
h5 {[%clk 0:58:40]} Kf3 {[%clk 0:24:13]} 53. h6 {[%clk 0:59:06]} Kg2 {[%clk
0:24:39]} 54. h4 {[%clk 0:59:30]} Kg3 {[%clk 0:25:02]} 55. h5 {[%clk 0:59:55]}
Kf4 {[%clk 0:25:26]} 56. h7 {[%clk 1:00:22]} Ke4 {[%clk 0:25:48]} 57. h8Q {[%clk
1:00:22]} Kd5 {[%clk 0:25:49]} 58. Qe8 {[%clk 1:00:50]} Kd6 {[%clk 0:26:08]} 59.
Kf5 {[%clk 1:01:10]} Kd5 {[%clk 0:26:26]} 60. Qe4+ {[%clk 1:01:01]} Kd6 {[%clk
0:26:43]} 61. h6 {[%clk 1:00:51]} Kd7 {[%clk 0:26:29]} 62. Qe6+ {[%clk 1:00:23]}
Kc7 {[%clk 0:26:28]} 63. h7 {[%clk 1:00:29]} Kb7 {[%clk 0:26:46]} 64. h8Q {[%clk
1:00:44]} Kc7 {[%clk 0:26:52]} 65. Qg7+ {[%clk 1:01:09]} 1-0

[Event "46th Greek Team Championship"]
[Site "chess24.com"]
[Date "2018.07.14"]
[Round "6"]
[White "Hatzis-Bakratsas, Alexandros"]
[Black "Loupos, Vasilios"]
[Result "1-0"]
[Board "4"]
[WhiteElo "1975"]
[WhiteCountry "GRE"]
[WhiteFideId "4263375"]
[WhiteEloChange "9"]
[BlackElo "1927"]
[BlackCountry "GRE"]
[BlackFideId "4204417"]
[BlackEloChange "-9"]

1. d4 {[%clk 1:30:31]} Nf6 {[%clk 1:30:08]} 2. c4 {[%clk 1:30:56]} d6 {[%clk
1:30:27]} 3. Nc3 {[%clk 1:31:20]} Nbd7 {[%clk 1:30:36]} 4. e4 {[%clk 1:28:47]} e5
{[%clk 1:30:43]} 5. Nf3 {[%clk 1:28:19]} Be7 {[%clk 1:30:42]} 6. Be2 {[%clk
1:27:36]} O-O {[%clk 1:30:45]} 7. h3 {[%clk 1:28:03]} exd4 {[%clk 1:29:54]} 8.
Qxd4 {[%clk 1:28:26]} Nc5 {[%clk 1:24:50]} 9. O-O {[%clk 1:27:13]} a5 {[%clk
1:24:18]} 10. Rd1 {[%clk 1:25:38]} Bd7 {[%clk 1:21:40]} 11. Be3 {[%clk 1:25:20]}
Re8 {[%clk 1:18:32]} 12. e5 {[%clk 1:22:09]} dxe5 {[%clk 1:15:59]} 13. Nxe5
{[%clk 1:22:26]} Bd6 {[%clk 1:12:16]} 14. Nxd7 {[%clk 1:22:36]} Ncxd7 {[%clk
1:06:18]} 15. Bf3 {[%clk 1:16:25]} Ne5 {[%clk 0:58:09]} 16. Bxb7 {[%clk 1:16:11]}
Rb8 {[%clk 0:55:02]} 17. Bd5 {[%clk 1:16:09]} Ng6 {[%clk 0:42:06]} 18. Bc6 {[%clk
1:14:34]} Rf8 {[%clk 0:34:04]} 19. Nb5 {[%clk 1:10:52]} Be5 {[%clk 0:30:52]} 20.
Qa7 {[%clk 1:11:12]} Qc8 {[%clk 0:29:29]} 21. Qxa5 {[%clk 1:08:22]} Qf5 {[%clk
0:29:21]} 22. Qd2 {[%clk 1:07:46]} h6 {[%clk 0:22:37]} 23. Qd3 {[%clk 1:05:04]}
Qh5 {[%clk 0:19:14]} 24. Bf3 {[%clk 1:05:16]} Qh4 {[%clk 0:19:12]} 25. Rac1
{[%clk 1:05:29]} Bxb2 {[%clk 0:17:12]} 26. Rc2 {[%clk 1:05:50]} Be5 {[%clk
0:17:05]} 27. Qf5 {[%clk 1:05:52]} Rfe8 {[%clk 0:16:19]} 28. g3 {[%clk 1:05:24]}
Bxg3 {[%clk 0:15:38]} 29. Rd4 {[%clk 1:05:52]} Rxe3 {[%clk 0:14:19]} 30. fxe3
{[%clk 1:05:08]} Qg5 {[%clk 0:13:30]} 31. Qxg5 {[%clk 1:05:15]} hxg5 {[%clk
0:13:50]} 32. a4 {[%clk 1:05:40]} Nh4 {[%clk 0:13:45]} 33. Bc6 {[%clk 1:05:07]}
Rb6 {[%clk 0:13:32]} 34. Rd8+ {[%clk 1:05:06]} Kh7 {[%clk 0:13:44]} 35. Bg2
{[%clk 1:04:21]} c6 {[%clk 0:14:01]} 36. c5 {[%clk 1:04:36]} Ra6 {[%clk 0:13:48]}
37. Nc3 {[%clk 1:03:21]} Ra5 {[%clk 0:13:37]} 38. Ne4 {[%clk 1:02:57]} Nxe4
{[%clk 0:13:55]} 39. Bxe4+ {[%clk 1:03:22]} f5 {[%clk 0:14:11]} 40. Bxc6 {[%clk
1:33:47]} Ra6 {[%clk 0:43:51]} 41. Bd7 {[%clk 1:33:51]} f4 {[%clk 0:43:45]} 42.
e4 {[%clk 1:33:38]} Ra7 {[%clk 0:42:33]} 43. Bf5+ {[%clk 1:33:19]} Nxf5 {[%clk
0:41:26]} 44. exf5 {[%clk 1:33:46]} Rxa4 {[%clk 0:41:36]} 45. Kg2 {[%clk
1:34:07]} Ra3 {[%clk 0:41:42]} 46. c6 {[%clk 1:34:30]} Bh4 {[%clk 0:41:58]} 47.
Rd1 {[%clk 1:34:15]} Rg3+ {[%clk 0:38:12]} 48. Kh2 {[%clk 1:34:41]} g4 {[%clk
0:35:41]} 49. hxg4 {[%clk 1:35:03]} f3 {[%clk 0:34:45]} 50. Rg1 {[%clk 1:35:27]}
f2 {[%clk 0:33:34]} 51. Rf1 {[%clk 1:34:40]} Rxg4 {[%clk 0:18:30]} 52. c7 {[%clk
1:34:40]} g5 {[%clk 0:14:52]} 53. c8Q {[%clk 1:34:39]} 1-0

[Event "46th Greek Team Championship"]
[Site "chess24.com"]
[Date "2018.07.14"]
[Round "6"]
[White "Skalkotas, Nikolaos"]
[Black "Nikolaidis, Konstantinos"]
[Result "0-1"]
[Board "2"]
[WhiteElo "2044"]
[WhiteTitle "IM"]
[WhiteCountry "GRE"]
[WhiteFideId "4200144"]
[WhiteEloChange "-6"]
[BlackElo "2182"]
[BlackTitle "FM"]
[BlackCountry "GRE"]
[BlackFideId "4200578"]
[BlackEloChange "6"]

1. d4 {[%clk 1:30:50]} Nf6 {[%clk 1:30:37]} 2. c4 {[%clk 1:30:49]} e6 {[%clk
1:29:48]} 3. Nc3 {[%clk 1:27:33]} Bb4 {[%clk 1:29:46]} 4. e3 {[%clk 1:27:58]} O-O
{[%clk 1:28:27]} 5. Ne2 {[%clk 1:27:10]} c6 {[%clk 1:26:34]} 6. a3 {[%clk
1:19:32]} Ba5 {[%clk 1:25:56]} 7. b4 {[%clk 1:15:10]} Bc7 {[%clk 1:25:56]} 8. e4
{[%clk 1:12:02]} d5 {[%clk 1:21:58]} 9. e5 {[%clk 1:08:57]} Ne8 {[%clk 1:20:22]}
10. c5 {[%clk 1:04:01]} b6 {[%clk 1:14:25]} 11. g3 {[%clk 0:50:17]} f6 {[%clk
1:10:12]} 12. f4 {[%clk 0:46:36]} Ba6 {[%clk 0:55:47]} 13. Bh3 {[%clk 0:45:12]}
Qe7 {[%clk 0:55:13]} 14. O-O {[%clk 0:43:16]} Bc4 {[%clk 0:52:58]} 15. Be3 {[%clk
0:32:43]} g6 {[%clk 0:42:13]} 16. Re1 {[%clk 0:22:53]} Ng7 {[%clk 0:39:24]} 17.
exf6 {[%clk 0:20:26]} Qxf6 {[%clk 0:38:53]} 18. Qd2 {[%clk 0:12:38]} Nd7 {[%clk
0:36:52]} 19. Kh1 {[%clk 0:10:43]} Nf5 {[%clk 0:34:49]} 20. Ng1 {[%clk 0:11:03]}
bxc5 {[%clk 0:30:51]} 21. bxc5 {[%clk 0:11:24]} Ba5 {[%clk 0:29:35]} 22. Rac1
{[%clk 0:06:53]} Rab8 {[%clk 0:27:44]} 23. Bf2 {[%clk 0:05:48]} Rb3 {[%clk
0:23:55]} 24. Nf3 {[%clk 0:04:27]} Nxc5 {[%clk 0:19:04]} 25. Ne5 {[%clk 0:04:46]}
Na4 {[%clk 0:17:21]} 26. Nxc4 {[%clk 0:01:34]} dxc4 {[%clk 0:15:32]} 27. Qe2
{[%clk 0:01:49]} Rxc3 {[%clk 0:13:55]} 28. Rxc3 {[%clk 0:00:45]} Bxc3 {[%clk
0:13:32]} 29. Rc1 {[%clk 0:00:36]} Bxd4 {[%clk 0:12:34]} 30. Rxc4 {[%clk
0:01:04]} Bxf2 {[%clk 0:12:36]} 31. Qxf2 {[%clk 0:01:02]} Qa1+ {[%clk 0:12:01]}
32. Bf1 {[%clk 0:01:00]} Nb6 {[%clk 0:08:56]} 33. Re4 {[%clk 0:00:50]} Nd5 {[%clk
0:07:02]} 0-1

[Event "46th Greek Team Championship"]
[Site "chess24.com"]
[Date "2018.07.14"]
[Round "6"]
[White "Loukopoulos, Panagiotis-Athanasi"]
[Black "Bardis, Harilaos-Panagiotis"]
[Result "1-0"]
[Board "9"]
[WhiteElo "1942"]
[WhiteCountry "GRE"]
[WhiteFideId "4293835"]
[WhiteEloChange "8"]
[BlackElo "1866"]
[BlackCountry "GRE"]
[BlackFideId "4252624"]
[BlackEloChange "-8"]

1. e4 {[%clk 1:30:51]} Nf6 {[%clk 1:30:41]} 2. e5 {[%clk 1:31:09]} Nd5 {[%clk
1:31:06]} 3. d4 {[%clk 1:31:31]} d6 {[%clk 1:31:34]} 4. c4 {[%clk 1:31:52]} Nb6
{[%clk 1:32:00]} 5. exd6 {[%clk 1:32:16]} exd6 {[%clk 1:32:26]} 6. Nc3 {[%clk
1:32:15]} Be7 {[%clk 1:32:32]} 7. Bd3 {[%clk 1:32:20]} Nc6 {[%clk 1:32:07]} 8.
Nge2 {[%clk 1:32:23]} Bg4 {[%clk 1:32:07]} 9. Be3 {[%clk 1:29:14]} O-O {[%clk
1:29:55]} 10. b3 {[%clk 1:28:19]} Bf6 {[%clk 1:26:15]} 11. Qd2 {[%clk 1:27:51]}
d5 {[%clk 1:07:54]} 12. c5 {[%clk 1:27:28]} Nc8 {[%clk 1:07:19]} 13. h3 {[%clk
1:26:09]} Bxe2 {[%clk 1:00:10]} 14. Nxe2 {[%clk 1:26:08]} N8e7 {[%clk 0:57:06]}
15. a3 {[%clk 1:16:30]} a5 {[%clk 0:55:05]} 16. O-O {[%clk 1:14:39]} g6 {[%clk
0:46:31]} 17. b4 {[%clk 0:59:46]} axb4 {[%clk 0:30:00]} 18. axb4 {[%clk 1:00:10]}
b6 {[%clk 0:30:24]} 19. Rxa8 {[%clk 0:51:22]} Qxa8 {[%clk 0:30:45]} 20. b5 {[%clk
0:45:22]} Na5 {[%clk 0:29:23]} 21. c6 {[%clk 0:33:48]} Qc8 {[%clk 0:23:53]} 22.
Nf4 {[%clk 0:23:56]} Rd8 {[%clk 0:23:34]} 23. Qa2 {[%clk 0:24:22]} Bg7 {[%clk
0:20:27]} 24. Rd1 {[%clk 0:23:05]} Rd6 {[%clk 0:13:05]} 25. Bd2 {[%clk 0:13:29]}
Nf5 {[%clk 0:08:06]} 26. Bb4 {[%clk 0:13:03]} Rd8 {[%clk 0:08:18]} 27. Nxd5
{[%clk 0:10:56]} Qe6 {[%clk 0:08:27]} 28. Bxf5 {[%clk 0:06:30]} Qxd5 {[%clk
0:08:36]} 29. Qxd5 {[%clk 0:06:56]} Rxd5 {[%clk 0:09:01]} 30. Bxa5 {[%clk
0:06:13]} Rxb5 {[%clk 0:06:02]} 31. d5 {[%clk 0:05:28]} Be5 {[%clk 0:02:00]} 32.
Bc3 {[%clk 0:05:14]} Bxc3 {[%clk 0:01:47]} 33. d6 {[%clk 0:05:29]} Be5 {[%clk
0:01:18]} 34. d7 {[%clk 0:05:50]} Bf6 {[%clk 0:01:37]} 35. d8Q+ {[%clk 0:06:13]}
Bxd8 {[%clk 0:02:06]} 36. Rxd8+ {[%clk 0:06:34]} Kg7 {[%clk 0:02:35]} 37. Bd7
{[%clk 0:06:05]} 1-0

[Event "46th Greek Team Championship"]
[Site "chess24.com"]
[Date "2018.07.14"]
[Round "6"]
[White "Fragkou, Eleni"]
[Black "Richterova, Natasa"]
[Result "0-1"]
[Board "5"]
[WhiteElo "1979"]
[WhiteCountry "GRE"]
[WhiteFideId "4221150"]
[WhiteEloChange "-6"]
[BlackElo "2146"]
[BlackTitle "WIM"]
[BlackCountry "CZE"]
[BlackFideId "350591"]
[BlackEloChange "6"]

1. Nf3 {[%clk 1:30:48]} d5 {[%clk 1:28:48]} 2. d4 {[%clk 1:31:01]} Nf6 {[%clk
1:28:50]} 3. g3 {[%clk 1:30:10]} c5 {[%clk 1:24:55]} 4. Bg2 {[%clk 1:27:40]} Nc6
{[%clk 1:24:50]} 5. O-O {[%clk 1:27:54]} e6 {[%clk 1:23:34]} 6. c4 {[%clk
1:23:52]} dxc4 {[%clk 1:21:03]} 7. Qa4 {[%clk 1:24:14]} Bd7 {[%clk 1:20:28]} 8.
Qxc4 {[%clk 1:23:18]} b5 {[%clk 1:10:24]} 9. Qd3 {[%clk 1:23:42]} c4 {[%clk
1:07:11]} 10. Qd1 {[%clk 1:24:06]} Bb4 {[%clk 0:55:45]} 11. a4 {[%clk 1:18:56]}
a6 {[%clk 0:54:35]} 12. Ne5 {[%clk 1:14:22]} Rc8 {[%clk 0:54:20]} 13. e4 {[%clk
1:13:35]} O-O {[%clk 0:45:38]} 14. Na3 {[%clk 1:11:48]} Nxe5 {[%clk 0:41:48]} 15.
dxe5 {[%clk 1:12:10]} Ne8 {[%clk 0:42:11]} 16. axb5 {[%clk 1:07:23]} axb5 {[%clk
0:41:16]} 17. Be3 {[%clk 1:02:02]} Be7 {[%clk 0:17:38]} 18. Nc2 {[%clk 0:56:52]}
f6 {[%clk 0:10:40]} 19. Ra7 {[%clk 0:47:47]} Nc7 {[%clk 0:09:02]} 20. exf6 {[%clk
0:35:11]} Bxf6 {[%clk 0:08:55]} 21. Bb6 {[%clk 0:27:00]} Be8 {[%clk 0:05:10]} 22.
Qxd8 {[%clk 0:17:25]} Bxd8 {[%clk 0:05:20]} 23. Rd1 {[%clk 0:17:49]} Bh5 {[%clk
0:04:48]} 24. Rd7 {[%clk 0:18:04]} Rf7 {[%clk 0:04:56]} 25. Rd6 {[%clk 0:09:02]}
Ne8 {[%clk 0:05:20]} 26. Rxe6 {[%clk 0:07:51]} Rxa7 {[%clk 0:05:45]} 27. Bxa7
{[%clk 0:08:13]} Bf6 {[%clk 0:06:10]} 28. e5 {[%clk 0:05:43]} Bf7 {[%clk
0:06:37]} 29. Bh3 {[%clk 0:03:10]} Ra8 {[%clk 0:05:25]} 30. exf6 {[%clk 0:02:22]}
Rxa7 {[%clk 0:04:48]} 31. Re7 {[%clk 0:02:41]} Ra2 {[%clk 0:04:37]} 32. fxg7
{[%clk 0:01:55]} Nxg7 {[%clk 0:04:50]} 33. Rb7 {[%clk 0:01:41]} Rxb2 {[%clk
0:05:15]} 34. Rb8+ {[%clk 0:01:34]} Be8 {[%clk 0:04:45]} 35. Nd4 {[%clk 0:01:50]}
Kf7 {[%clk 0:04:20]} 36. Kf1 {[%clk 0:01:24]} c3 {[%clk 0:04:11]} 37. Ke1 {[%clk
0:01:25]} b4 {[%clk 0:04:36]} 38. Bg4 {[%clk 0:01:11]} Rb1+ {[%clk 0:04:38]} 39.
Ke2 {[%clk 0:01:15]} Ba4 {[%clk 0:03:43]} 40. Kd3 {[%clk 0:31:13]} Rb2 {[%clk
0:32:15]} 41. Rb7+ {[%clk 0:26:52]} Kf6 {[%clk 0:31:30]} 42. Rb6+ {[%clk
0:25:55]} Kf7 {[%clk 0:30:12]} 43. Rb7+ {[%clk 0:26:19]} Kf8 {[%clk 0:29:27]} 44.
Rb8+ {[%clk 0:26:40]} Ne8 {[%clk 0:17:17]} 45. Ra8 {[%clk 0:24:14]} Rd2+ {[%clk
0:17:05]} 46. Ke3 {[%clk 0:24:13]} Rxd4 {[%clk 0:15:09]} 47. Kxd4 {[%clk
0:22:10]} c2 {[%clk 0:15:26]} 0-1

[Event "46th Greek Team Championship"]
[Site "chess24.com"]
[Date "2018.07.14"]
[Round "6"]
[White "Goutoufas, Christos"]
[Black "Tsavdaras, Dimitrios"]
[Result "0-1"]
[Board "10"]
[WhiteElo "1434"]
[WhiteCountry "GRE"]
[WhiteFideId "25824090"]
[WhiteEloChange "-16"]
[BlackElo "1214"]
[BlackCountry "GRE"]
[BlackFideId "25847414"]
[BlackEloChange "16"]

1. d4 {[%clk 1:30:56]} Nf6 {[%clk 1:30:26]} 2. c4 {[%clk 1:31:17]} e6 {[%clk
1:30:27]} 3. Nf3 {[%clk 1:31:25]} c5 {[%clk 1:30:13]} 4. Nc3 {[%clk 1:30:42]}
cxd4 {[%clk 1:29:15]} 5. Nxd4 {[%clk 1:29:53]} Bb4 {[%clk 1:29:15]} 6. Nb5 {[%clk
0:49:35]} Nc6 {[%clk 1:22:20]} 7. Nd6+ {[%clk 0:47:03]} Ke7 {[%clk 1:18:16]} 8.
Nb5 {[%clk 0:23:15]} a6 {[%clk 1:11:07]} 9. Nd4 {[%clk 0:21:49]} Ne4 {[%clk
1:05:04]} 10. Nxc6+ {[%clk 0:14:16]} dxc6 {[%clk 1:03:41]} 11. Qc2 {[%clk
0:13:17]} Qa5 {[%clk 0:55:31]} 12. Bd2 {[%clk 0:13:04]} Nxd2 {[%clk 0:55:48]} 13.
Qxd2 {[%clk 0:13:21]} Rd8 {[%clk 0:55:11]} 14. Qc2 {[%clk 0:13:24]} e5 {[%clk
0:54:21]} 15. Rc1 {[%clk 0:08:34]} Qxa2 {[%clk 0:51:46]} 16. e3 {[%clk 0:08:00]}
Bf5 {[%clk 0:49:46]} 17. e4 {[%clk 0:05:31]} Bxe4 {[%clk 0:48:51]} 18. Qxe4
{[%clk 0:02:27]} Qxb2 {[%clk 0:43:19]} 19. Qc2 {[%clk 0:02:25]} Bxc3+ {[%clk
0:40:19]} 20. Qxc3 {[%clk 0:02:38]} Qxc3+ {[%clk 0:40:13]} 21. Rxc3 {[%clk
0:03:02]} b5 {[%clk 0:39:38]} 22. Be2 {[%clk 0:02:17]} b4 {[%clk 0:39:43]} 23.
Re3 {[%clk 0:02:12]} f6 {[%clk 0:39:46]} 24. O-O {[%clk 0:01:30]} a5 {[%clk
0:39:29]} 25. Ra1 {[%clk 0:00:55]} c5 {[%clk 0:37:56]} 26. Bd1 {[%clk 0:00:46]}
a4 {[%clk 0:38:18]} 27. h3 {[%clk 0:00:44]} b3 {[%clk 0:36:41]} 28. Bxb3 {[%clk
0:00:40]} axb3 {[%clk 0:37:03]} 29. Rxa8 {[%clk 0:00:34]} Rxa8 {[%clk 0:37:09]}
30. Rxb3 {[%clk 0:00:58]} Ra4 {[%clk 0:34:48]} 31. Rc3 {[%clk 0:01:22]} Ke6
{[%clk 0:33:50]} 32. Kh2 {[%clk 0:01:26]} e4 {[%clk 0:34:01]} 33. Kg3 {[%clk
0:01:33]} Ke5 {[%clk 0:34:04]} 34. Rc1 {[%clk 0:00:49]} Ra3+ {[%clk 0:33:02]} 35.
Kh2 {[%clk 0:00:45]} f5 {[%clk 0:29:51]} 36. Kg1 {[%clk 0:01:01]} Kd4 {[%clk
0:29:20]} 37. Rd1+ {[%clk 0:01:08]} Rd3 {[%clk 0:29:01]} 38. Rc1 {[%clk 0:01:32]}
g5 {[%clk 0:28:56]} 39. Kf1 {[%clk 0:01:57]} f4 {[%clk 0:29:07]} 40. Ke2 {[%clk
0:31:57]} f3+ {[%clk 0:59:33]} 41. Kf1 {[%clk 0:31:14]} Rc3 {[%clk 0:59:38]} 42.
Rd1+ {[%clk 0:31:26]} Kxc4 {[%clk 1:00:00]} 43. gxf3 {[%clk 0:31:38]} exf3 {[%clk
1:00:25]} 44. Kg1 {[%clk 0:31:49]} Rd3 {[%clk 1:00:31]} 45. Rc1+ {[%clk 0:32:12]}
Kb4 {[%clk 1:00:44]} 46. Rb1+ {[%clk 0:32:19]} Rb3 {[%clk 1:00:55]} 47. Rd1
{[%clk 0:32:01]} c4 {[%clk 1:01:04]} 48. Rd8 {[%clk 0:32:14]} c3 {[%clk 1:01:12]}
49. Rc8 {[%clk 0:31:02]} Ka3 {[%clk 1:01:26]} 0-1